000 01045nam a22003377a 4500
001 BR2013002721
003 BR-BrBNA
005 20230928104157.0
007 ta
008 230509b bl.||||| |||| 00| 0 por d
040 _aBR-BrBNA
_bpor
_cBiblioteca Nacional de Agricultura
041 _a(Por)
072 _aL70
_b8830
090 _ 8830 BR2013002721
100 1 _aLopes, E.
110 1 _aUniversidade Federal de Lavras, MG (Brasil)
_0Tese (Mestrado)
245 1 _aAvaliação de parâmetros metabólicos e comportamentais em ratos tratados com ractopamina e submetidos a estresse por imobilização
260 3 _aLavras, MG (Brasil):
_c2012.
300 _a91 p.
500 _aSummaries (Eng, Por); Bibliography p. 71-83; 7 tables; 10 illus.
650 _aRATO
650 _aANIMAL DE LABORATÓRIO
650 _aMEDICAMENTO
650 _aRAÇÃO
650 _aSTRESS
650 _aPERFORMANCE
650 _aCONDIÇÃO CORPORAL
650 _aMETABOLISMO ANIMAL
909 _a202309
_bLucia
_c55
_dLucia Elande
942 _cBK
999 _c78533
_d78533